[Event "TCh-CZE Div1 Zapad 2012-13"]
[Site "Czech Republic CZE"]
[Date "2012.11.25"]
[Round "3.2"]
[White "Pribyl,Jo"]
[Black "Priehoda,V"]
[Result "1/2-1/2"]
[WhiteTitle "IM"]
[BlackTitle "IM"]
[WhiteElo "2314"]
[BlackElo "2414"]
[WhiteTeam "SK Holdia DP Praha B"]
[BlackTeam "JOLY Lysa nad Labem B"]
[WhiteFideId "300187"]
[BlackFideId "14900122"]
[EventDate "2012.10.28"]

1. e4 e6 2. d4 d5 3. Nc3 Bb4 4. exd5 exd5 5. Bd3 Nc6 6. a3 Bxc3+ 7. bxc3 Nge7 8.
h3 Bf5 9. Nf3 O-O 10. O-O Qd7 11. Re1 Bxd3 12. cxd3 f6 13. a4 b6 14. Ra2 Rfe8
15. Rae2 Ng6 16. Bd2 Rxe2 17. Qxe2 Kf7 18. Kf1 Re8 19. Qxe8+ Qxe8 20. Rxe8 Kxe8
21. c4 Kd7 22. Ke2 Nd8 23. g3 c6 24. Ne1 Ne6 25. Nc2 Ne7 26. Be3 h5 27. g4 hxg4
28. hxg4 f5 29. f3 f4 30. Bf2 a5 31. Na1 Nc8 32. Nb3 Nd6 33. c5 Nc8 34. cxb6
Nxb6 35. Nc5+ Kd6 36. Nxe6 Kxe6 37. Be1 Nxa4 38. Bxa5 c5 39. dxc5 Nxc5 40. Bc7
d4 41. Bxf4 Kd5 42. Bd2 g6 43. f4 Nd7 44. Bb4 Nb6 45. Kf3 Na4 46. Bf8 Nb2 47.
Ke2 Na4 48. Be7 Nc3+ 49. Kf3 Nd1 50. Bf6 Nb2 51. Ke2 Na4 52. f5 gxf5 53. gxf5
Nc5 54. Bg7 Nd7 55. Kf3 Nc5 56. Ke2 Nd7 57. Kf3 Nc5 1/2-1/2

[Event "TCh-CZE Div1 Zapad 2012-13"]
[Site "Czech Republic CZE"]
[Date "2012.11.25"]
[Round "3.3"]
[White "Spacek,P"]
[Black "Kourousis,E"]
[Result "1-0"]
[WhiteTitle "IM"]
[WhiteElo "2399"]
[BlackElo "2354"]
[WhiteTeam "JOLY Lysa nad Labem B"]
[BlackTeam "SK Holdia DP Praha B"]
[WhiteFideId "300314"]
[BlackFideId "4211626"]
[EventDate "2012.10.28"]

1. g3 Nf6 2. Bg2 e6 3. b3 d5 4. Bb2 c5 5. Nf3 Nc6 6. O-O Be7 7. d4 O-O 8. Nbd2
cxd4 9. Nxd4 Nxd4 10. Bxd4 Bd7 11. e4 dxe4 12. Nxe4 Bc6 13. Nxf6+ Bxf6 14. Bxf6
Qxf6 15. Bxc6 bxc6 16. Qe2 Qc3 17. Rad1 Rad8 18. Rd3 Qa5 19. Rfd1 g6 20. Rd6
Rxd6 21. Rxd6 Rd8 22. Rxc6 Qxa2 23. Qc4 Qa1+ 24. Kg2 Qe5 25. Rc7 a5 26. Rc5 Rd5
27. Rc8+ Kg7 28. Qc3 Qxc3 29. Rxc3 e5 30. Rc7 Kf6 31. Kf3 Ke6 32. Ke3 h5 33. Ra7
Rb5 34. Ra6+ Kf5 35. h3 g5 36. Rh6 Rc5 37. Kd3 Rd5+ 38. Ke3 Rc5 39. Kd2 Rd5+ 40.
Kc3 Rc5+ 41. Kb2 Rc8 42. Ra6 Rc5 43. c4 Ke4 44. Rf6 a4 45. Rxf7 axb3 46. Kxb3 g4
47. hxg4 hxg4 48. Kb4 Rc8 49. c5 Kd5 50. Rd7+ Ke4 51. Kc4 Rf8 52. Rd2 Kf3 53. c6
e4 54. Kc5 Rc8 55. Kb6 Rb8+ 56. Ka7 Rb3 57. Rc2 Ra3+ 58. Kb6 Rb3+ 59. Kc5 Rb8
60. c7 Rc8 61. Kd6 e3 62. fxe3 Kxg3 63. e4 1-0

[Event "TCh-CZE Div1 Zapad 2012-13"]
[Site "Czech Republic CZE"]
[Date "2012.11.25"]
[Round "3.4"]
[White "Michalek,J"]
[Black "Neckar,L"]
[Result "1-0"]
[WhiteTitle "IM"]
[BlackTitle "IM"]
[WhiteElo "2308"]
[BlackElo "2360"]
[WhiteTeam "SK Holdia DP Praha B"]
[BlackTeam "JOLY Lysa nad Labem B"]
[WhiteFideId "303976"]
[BlackFideId "300705"]
[EventDate "2012.10.28"]

1. e4 c5 2. Nf3 d6 3. d4 cxd4 4. Nxd4 Nf6 5. Nc3 Nc6 6. Bc4 e6 7. Bb3 a6 8. Be3
Qc7 9. f4 Na5 10. g4 Nc4 11. Bxc4 Qxc4 12. g5 Nd7 13. Qf3 b5 14. Rf1 Bb7 15. Nb3
b4 16. Nd2 Qc6 17. Ne2 Qxc2 18. Rc1 Qxb2 19. Rc7 Bc8 20. e5 d5 21. Bd4 Qa3 22.
Nb3 g6 23. f5 gxf5 24. Nf4 Qxa2 25. Rc1 Be7 26. Rf2 Qa4 27. Nh5 O-O 28. Nf6+
Bxf6 29. gxf6 Kh8 30. Rg2 Rg8 31. Rxg8+ Kxg8 32. Qg3+ Kf8 33. Bc5+ Nxc5 34. Qg7+ 1-0

[Event "TCh-CZE Div1 Zapad 2012-13"]
[Site "Czech Republic CZE"]
[Date "2012.11.25"]
[Round "3.5"]
[White "Londyn,R"]
[Black "Freisler,P"]
[Result "1/2-1/2"]
[WhiteTitle "FM"]
[BlackTitle "IM"]
[WhiteElo "2339"]
[BlackElo "2313"]
[WhiteTeam "JOLY Lysa nad Labem B"]
[BlackTeam "SK Holdia DP Praha B"]
[WhiteFideId "318256"]
[BlackFideId "301477"]
[EventDate "2012.10.28"]

1. c4 Nf6 2. Nf3 e6 3. g3 b6 4. Bg2 Bb7 5. O-O c5 6. Nc3 d6 7. d4 cxd4 8. Qxd4
Be7 9. Bg5 a6 10. Bxf6 Bxf6 11. Qf4 Bxf3 12. Bxf3 Ra7 13. Rfd1 Rd7 14. Ne4 Be5
15. Qe3 O-O 16. Rd3 Qc7 17. Rad1 Qxc4 18. Nxd6 Qc5 19. Qxc5 bxc5 20. Nc4 Rxd3
21. Rxd3 Bc7 22. Ra3 Rd8 23. Bb7 Nd7 24. Rxa6 Rb8 25. Ra7 Ne5 26. Ba6 Nxc4 27.
Rxc7 Nxb2 28. Rxc5 Kf8 29. Rb5 Ra8 30. Rxb2 Rxa6 31. Kf1 Rc6 32. Ke1 Rc1+ 33.
Kd2 Ra1 34. h4 h5 35. Kc3 Ke7 36. Rb7+ Kf6 37. Kb2 Re1 38. a4 Rxe2+ 39. Ka3 Rxf2
40. a5 Rf1 41. Rb2 Ra1+ 42. Ra2 Rb1 43. a6 Rb8 44. Ka4 Kf5 45. Rf2+ Kg4 46. Rxf7
Kxg3 47. Rxg7+ Kxh4 48. a7 Rb1 49. Rc7 Ra1+ 50. Kb5 Kg3 51. Rc3+ Kg2 52. Rc2+
Kg3 53. Rc3+ Kg2 54. Rc2+ Kg3 1/2-1/2

[Event "TCh-CZE Div1 Zapad 2012-13"]
[Site "Czech Republic CZE"]
[Date "2012.11.25"]
[Round "3.6"]
[White "Bednar,Ma"]
[Black "Jurasek,M"]
[Result "1/2-1/2"]
[WhiteElo "2270"]
[BlackElo "2306"]
[WhiteTeam "SK Holdia DP Praha B"]
[BlackTeam "JOLY Lysa nad Labem B"]
[WhiteFideId "331007"]
[BlackFideId "305618"]
[EventDate "2012.10.28"]

1. d4 Nf6 2. c4 e6 3. Nf3 b6 4. g3 Bb7 5. Bg2 Be7 6. O-O O-O 7. d5 exd5 8. Nh4
c6 9. cxd5 Nxd5 10. Nf5 Nc7 11. e4 Nba6 12. Nc3 Nc5 13. Qg4 N5e6 14. e5 Ne8 15.
Ne4 Kh8 16. Rd1 g6 17. Nfd6 Nxd6 18. Nxd6 Bxd6 19. Rxd6 Qe7 20. Bh6 Rfc8 21. a4
f5 22. Qd1 Rc7 23. a5 Re8 24. Be3 c5 25. axb6 axb6 26. Rxb6 Bxg2 27. Kxg2 Nd4
28. f4 Ne6 29. h4 Qf7 30. Qd6 Rec8 31. Kg1 c4 32. Qd5 c3 33. bxc3 Rxc3 34. Ra8
Rxa8 35. Qxa8+ Kg7 36. Bf2 Rc1+ 37. Kg2 Rd1 38. Qa4 Rd2 39. Qb4 Rd5 40. Qb3 Rd2
41. Qb4 1/2-1/2

[Event "TCh-CZE Div1 Zapad 2012-13"]
[Site "Czech Republic CZE"]
[Date "2012.11.25"]
[Round "3.7"]
[White "Jirk,A"]
[Black "Tuma,Ja"]
[Result "1-0"]
[BlackTitle "FM"]
[WhiteElo "2173"]
[BlackElo "2275"]
[WhiteTeam "JOLY Lysa nad Labem B"]
[BlackTeam "SK Holdia DP Praha B"]
[WhiteFideId "318868"]
[BlackFideId "305553"]
[EventDate "2012.10.28"]

1. e4 c5 2. Nf3 e6 3. Nc3 Nc6 4. Bb5 a6 5. Bxc6 bxc6 6. O-O d5 7. d3 Nf6 8. Ne5
Qc7 9. f4 Be7 10. Kh1 O-O 11. Bd2 a5 12. Qf3 Ne8 13. Qg3 f5 14. exd5 cxd5 15.
Nb5 Qb6 16. a4 Nf6 17. Rae1 Bb7 18. Re2 Ra6 19. Rfe1 Qd8 20. Nf3 Qc8 21. b3 Ne8
22. h4 g6 23. h5 Rf6 24. Ne5 Ng7 25. hxg6 hxg6 26. Nxg6 Bd8 27. Ne5 Rh6+ 28. Kg1
Bh4 29. Qh3 Bf2+ 30. Kxf2 Rxh3 31. gxh3 Qd8 32. Rg1 Qh4+ 33. Kg2 d4+ 34. Kh2 Bd5
35. Nc7 Ra7 36. Nxd5 exd5 37. Reg2 Kh7 38. Ng6 Qf6 39. Ne5 Qh4 40. Nf3 Qf6 41.
Rg5 Qe7 42. Rxg7+ Qxg7 43. Rxg7+ Rxg7 44. Bxa5 Rb7 45. Bd8 Kg6 46. a5 c4 47. Bb6 1-0

[Event "TCh-CZE Div1 Zapad 2012-13"]
[Site "Czech Republic CZE"]
[Date "2012.11.25"]
[Round "3.8"]
[White "Cesal,J"]
[Black "Postupa,P2"]
[Result "1-0"]
[WhiteTitle "FM"]
[WhiteElo "2199"]
[BlackElo "2146"]
[WhiteTeam "SK Holdia DP Praha B"]
[BlackTeam "JOLY Lysa nad Labem B"]
[WhiteFideId "300900"]
[BlackFideId "326410"]
[EventDate "2012.10.28"]

1. d4 Nf6 2. Nf3 g6 3. g3 Bg7 4. Bg2 O-O 5. O-O d5 6. c4 dxc4 7. Na3 Nc6 8. Nxc4
Be6 9. b3 a5 10. Bb2 Ra6 11. Re1 Bd5 12. Ne3 Be4 13. Rc1 Qa8 14. Ne5 Bxg2 15.
Kxg2 Rd8 16. Nf3 a4 17. Qc2 e6 18. Red1 Nb4 19. Qb1 axb3 20. axb3 c6 21. h3 Ra2
22. Rc4 Nbd5 23. Ng4 Nxg4 24. hxg4 b6 25. Rd2 c5 26. Kg1 Nf6 27. dxc5 Rxd2 28.
Nxd2 Nxg4 29. Bxg7 Kxg7 30. Qe4 Qxe4 31. Nxe4 bxc5 32. Nc3 Ra1+ 33. Kg2 Nf6 34.
Rxc5 Rc1 35. b4 Rc2 36. Kf3 Rb2 37. b5 h5 38. Kg2 Rc2 39. b6 Nd7 40. b7 Rb2 41.
Rc7 Nb8 42. Na4 Rb4 43. Nc5 Kf6 44. Rc8 Na6 45. Nxa6 Rxb7 46. Rc7 Rb2 47. e3 g5
48. Nc5 Kg6 49. Nd7 Rb5 50. Rc5 Rb7 51. Ne5+ Kf6 52. Nf3 g4 53. Nd2 Kg6 54. Ne4
f6 55. Rc6 Rb4 56. Nd6 Ra4 57. Nb7 Rb4 58. Nd8 e5 59. Ne6 Ra4 60. Nf8+ Kg5 61.
Nh7+ 1-0

[Event "TCh-CZE Div1 Zapad 2012-13"]
[Site "Czech Republic CZE"]
[Date "2012.11.25"]
[Round "3.1"]
[White "Hrabusa,M"]
[Black "Bernasek,J"]
[Result "0-1"]
[BlackTitle "IM"]
[WhiteElo "2330"]
[BlackElo "2506"]
[WhiteTeam "2222 SK Polabiny A"]
[BlackTeam "SK ERA Postovni sporitelna"]
[WhiteFideId "14908042"]
[BlackFideId "311995"]
[EventDate "2012.10.28"]

1. e4 c5 2. Nf3 d6 3. d4 cxd4 4. Nxd4 Nf6 5. Nc3 a6 6. Be3 e5 7. Nb3 Be6 8. f3
Nbd7 9. Qd2 b5 10. g4 Nb6 11. g5 Nfd7 12. Nd5 Rc8 13. c3 Bxd5 14. exd5 Nc4 15.
Bxc4 bxc4 16. Nc1 Be7 17. Ne2 Nc5 18. Bxc5 Rxc5 19. Rg1 Qa5 20. Rd1 Qxa2 21. Ng3
Rb5 22. Rg2 Kd7 23. Ne4 Rhb8 24. Qe3 Qa5 25. f4 exf4 26. Qh3+ Kd8 27. Qf5 Rxb2
28. Rxb2 Rxb2 29. Qxf7 Qb6 30. Qg8+ Kc7 31. Rd4 Bd8 32. Qxg7+ Kb8 33. Qf8 Rxh2
34. Qxd6+ Qxd6 35. Nxd6 Bxg5 36. Rxc4 Bh4+ 37. Kd1 f3 38. Rc8+ Ka7 39. Rc7+ Kb6
40. Rc6+ Ka5 41. Nc4+ Kb5 42. Nd2 Rh1+ 43. Kc2 f2 44. c4+ Kb4 45. Rh6 Ra1 46.
Rb6+ Kc5 47. Rc6+ Kd4 48. Nb3+ Ke5 49. Re6+ Kf4 0-1

[Event "TCh-CZE Div1 Zapad 2012-13"]
[Site "Czech Republic CZE"]
[Date "2012.11.25"]
[Round "3.2"]
[White "Cernousek,L"]
[Black "Novotny,M1"]
[Result "1-0"]
[WhiteTitle "IM"]
[BlackTitle "FM"]
[WhiteElo "2434"]
[BlackElo "2274"]
[WhiteTeam "SK ERA Postovni sporitelna"]
[BlackTeam "2222 SK Polabiny A"]
[WhiteFideId "311707"]
[BlackFideId "310980"]
[EventDate "2012.10.28"]

1. d4 e6 2. c4 Nf6 3. g3 c5 4. Nf3 cxd4 5. Nxd4 d5 6. Bg2 e5 7. Nb3 Bb4+ 8. Bd2
dxc4 9. Bxb4 Qxd1+ 10. Kxd1 cxb3 11. axb3 Nc6 12. Bxc6+ bxc6 13. Bc5 Ne4 14.
Rxa7 Rxa7 15. Bxa7 Be6 16. Kc2 Bf5 17. Kc1 Ke7 18. Na3 Ra8 19. Be3 Rb8 20. f3
Nf6 21. Bc5+ Ke8 22. Bd6 Rxb3 23. Bxe5 Ke7 24. Rd1 Re3 25. Bd6+ Ke8 26. Rd2 Be6
27. Nc2 Rb3 28. Nd4 Rb6 29. Nxe6 fxe6 30. Bc5 Ra6 31. Rd6 Kf7 32. Kb1 h5 33. b4
Nd5 34. Kb2 Kf6 35. Rd7 Nb6 36. Rc7 Na4+ 37. Kb3 Nxc5+ 38. bxc5 g6 39. e4 Ke5
40. Rg7 Kd4 41. Rxg6 Ra5 42. Rxe6 Rxc5 43. f4 Rc1 44. e5 c5 45. Rd6+ Ke4 46. Rd2
c4+ 47. Kb2 Re1 48. Kc3 h4 49. Kxc4 Rc1+ 50. Kb5 Kf5 51. Re2 Ke6 52. g4 Rg1 53.
h3 Rg3 54. f5+ Ke7 55. f6+ Ke6 56. Rf2 1-0

[Event "TCh-CZE Div1 Zapad 2012-13"]
[Site "Czech Republic CZE"]
[Date "2012.11.25"]
[Round "3.3"]
[White "Nemec,Pa"]
[Black "Jirka,J"]
[Result "0-1"]
[BlackTitle "IM"]
[WhiteElo "2211"]
[BlackElo "2411"]
[WhiteTeam "2222 SK Polabiny A"]
[BlackTeam "SK ERA Postovni sporitelna"]
[WhiteFideId "301965"]
[BlackFideId "311731"]
[EventDate "2012.10.28"]

1. e4 e5 2. Nf3 Nc6 3. Bb5 a6 4. Ba4 Nge7 5. c3 g6 6. d4 exd4 7. cxd4 Bg7 8. d5
b5 9. Bc2 Na5 10. O-O O-O 11. Nbd2 c5 12. Re1 d6 13. Rb1 h6 14. Nf1 f5 15. e5
Bb7 16. exd6 Nxd5 17. Re6 Rf6 18. Qe1 Kh7 19. Rxf6 Bxf6 20. Ne3 Nb4 21. Qd2 Nxc2
22. Nxf5 Qf8 23. Nxh6 Bxf3 24. gxf3 Nd4 25. Qxa5 Bg7 26. Qc7 Qxf3 27. Nf7 Qg4+
28. Kf1 Qh3+ 29. Ke1 Re8+ 30. Be3 Rxe3+ 31. fxe3 Qxe3+ 32. Kf1 Qe2+ 0-1

[Event "TCh-CZE Div1 Zapad 2012-13"]
[Site "Czech Republic CZE"]
[Date "2012.11.25"]
[Round "3.4"]
[White "Vavra,P1"]
[Black "Lahner,J"]
[Result "1-0"]
[WhiteTitle "IM"]
[BlackTitle "FM"]
[WhiteElo "2376"]
[BlackElo "2291"]
[WhiteTeam "SK ERA Postovni sporitelna"]
[BlackTeam "2222 SK Polabiny A"]
[WhiteFideId "301841"]
[BlackFideId "313360"]
[EventDate "2012.10.28"]

1. e4 e6 2. Nc3 d5 3. g3 Nf6 4. e5 Nfd7 5. f4 b6 6. Bg2 Bb7 7. d3 Nc6 8. Nf3 Qe7
9. O-O O-O-O 10. d4 Kb8 11. f5 f6 12. Re1 fxe5 13. Bg5 Qb4 14. Bxd8 Nxd8 15.
Nxe5 Nxe5 16. Rxe5 Qxb2 17. Re3 e5 18. Rb1 Qa3 19. Rb3 Qa5 20. Rxe5 Bd6 21. Re3
c5 22. Rb5 Qa6 23. dxc5 Bxc5 24. Rxc5 bxc5 25. Bxd5 Qf6 26. Qf3 Qd4 27. Kg2 Rf8
28. g4 a6 29. Re7 Qd2+ 30. Kg3 Bxd5 31. Nxd5 Nc6 32. Rxg7 h5 33. Qf4+ Qxf4+ 34.
Kxf4 hxg4 35. Kxg4 Nd4 36. f6 Ne6 37. Re7 Nd8 38. Kf5 Rh8 39. f7 Nxf7 40. Rxf7
Rxh2 41. Ne3 Rf2+ 42. Ke6 Re2 43. Rf3 Rd2 44. Nd5 Rxc2 45. Kd6 c4 46. a4 Rc1 47.
Rc3 Rh1 48. Rxc4 Rh6+ 49. Kc5 Ka7 50. Rf4 Rh1 51. Rf7+ Kb8 52. Nb4 Rb1 53. Nxa6+
Ka8 54. Nc7+ Kb8 55. Kc6 Rc1+ 56. Kb6 Rb1+ 57. Nb5 Kc8 58. a5 Rh1 59. Nd6+ Kd8
60. a6 Ra1 1-0

[Event "TCh-CZE Div1 Zapad 2012-13"]
[Site "Czech Republic CZE"]
[Date "2012.11.25"]
[Round "3.6"]
[White "Rehorek,M"]
[Black "Machan,J"]
[Result "1/2-1/2"]
[WhiteElo "2304"]
[BlackElo "2078"]
[WhiteTeam "SK ERA Postovni sporitelna"]
[BlackTeam "2222 SK Polabiny A"]
[WhiteFideId "303704"]
[BlackFideId "334774"]
[EventDate "2012.10.28"]

1. Nf3 Nf6 2. c4 g6 3. b4 Bg7 4. Bb2 O-O 5. e3 d6 6. d3 a5 7. a3 e5 8. Nbd2 b6
9. Be2 Bb7 10. O-O Nbd7 11. Qc2 Re8 12. Rfc1 c5 13. Bf1 Qc7 14. Qb3 d5 15. cxd5
Bxd5 16. Qc2 axb4 17. axb4 Rxa1 18. Bxa1 e4 19. dxe4 Nxe4 20. Bxg7 Kxg7 21. Bb5
Nxd2 22. Nxd2 Re7 23. Nb3 Bxb3 24. Qxb3 Nf6 25. bxc5 bxc5 26. Qc3 Re5 27. f4 Re6
28. Bc4 Rb6 29. Be2 Qe7 30. Bf3 c4 31. Qd4 Rd6 32. Qe5 Re6 33. Qd4 Rxe3 34. Rxc4
Re1+ 35. Kf2 Rb1 36. Kg3 Qe1+ 37. Kh3 Qe6+ 38. Kg3 Qe1+ 39. Qf2 Qe6 40. Qd4 Qe1+ 1/2-1/2

[Event "TCh-CZE Div1 Zapad 2012-13"]
[Site "Czech Republic CZE"]
[Date "2012.11.25"]
[Round "3.7"]
[White "Kozusek,Daniel"]
[Black "Kovar,V"]
[Result "0-1"]
[WhiteElo "2043"]
[BlackElo "2263"]
[WhiteTeam "2222 SK Polabiny A"]
[BlackTeam "SK ERA Postovni sporitelna"]
[WhiteFideId "349500"]
[BlackFideId "314943"]
[EventDate "2012.10.28"]

1. d4 Nf6 2. c4 g6 3. Nc3 Bg7 4. e4 d6 5. f4 O-O 6. Nf3 Na6 7. Be2 e5 8. fxe5
dxe5 9. Nxe5 c5 10. d5 Nxe4 11. Nxe4 Qh4+ 12. g3 Qxe4 13. Nf3 Re8 14. Kf2 Bh3 0-1

[Event "TCh-CZE Div1 Zapad 2012-13"]
[Site "Czech Republic CZE"]
[Date "2012.11.25"]
[Round "3.8"]
[White "Bartos,J"]
[Black "Hrdina,R"]
[Result "0-1"]
[WhiteTitle "FM"]
[WhiteElo "2191"]
[BlackElo "2007"]
[WhiteTeam "SK ERA Postovni sporitelna"]
[BlackTeam "2222 SK Polabiny A"]
[WhiteFideId "315060"]
[BlackFideId "339342"]
[EventDate "2012.10.28"]

1. d4 Nf6 2. c4 e6 3. Nc3 Bb4 4. e3 c5 5. Ne2 O-O 6. a3 Bxc3+ 7. Nxc3 b6 8. d5
exd5 9. cxd5 d6 10. e4 Nxe4 11. Nxe4 Re8 12. f3 f5 13. Bd3 fxe4 14. Bxe4 Qh4+
15. g3 Rxe4+ 16. fxe4 Qxe4+ 17. Kf2 Bg4 18. Qe1 Qf3+ 19. Kg1 Nd7 20. h3 Bh5 21.
Bf4 Re8 22. Qf2 Qxd5 23. Re1 Ne5 24. Bxe5 dxe5 25. Re3 Rf8 26. Qe1 Qd4 27. Qc3
Rd8 28. Rh2 Bg6 29. Rf2 e4 30. Ree2 Qxc3 31. bxc3 Rd3 32. c4 Rxg3+ 33. Kh2 Rd3
34. Rf4 e3 35. Re1 Bh5 36. Re4 e2 37. Kg1 Rxh3 38. Re7 Rxa3 39. Kf2 Kf8 40. Rc7
a5 41. Rb1 Rf3+ 42. Kg2 Rd3 0-1

[Event "TCh-CZE Div1 Zapad 2012-13"]
[Site "Czech Republic CZE"]
[Date "2012.11.25"]
[Round "3.3"]
[White "Kraus,To"]
[Black "Dolezal,Ra1"]
[Result "1/2-1/2"]
[BlackTitle "IM"]
[WhiteElo "2290"]
[BlackElo "2359"]
[WhiteTeam "TJ Slavia Hradec Kralove"]
[BlackTeam "TJ Pankrac"]
[WhiteFideId "331708"]
[BlackFideId "304735"]
[EventDate "2012.10.28"]

1. d4 Nf6 2. c4 e6 3. Nc3 Bb4 4. Qc2 O-O 5. Nf3 d6 6. a3 Bxc3+ 7. Qxc3 Ne4 8.
Qc2 f5 9. g3 Nd7 10. Bg2 Kh8 11. O-O Qe8 12. b4 Qh5 13. Nd2 Nxd2 14. Bxd2 Nf6
15. c5 Qxe2 16. Rfe1 Qb5 17. cxd6 cxd6 18. Qc7 Qb6 1/2-1/2

[Event "TCh-CZE Div1 Zapad 2012-13"]
[Site "Czech Republic CZE"]
[Date "2012.11.25"]
[Round "3.4"]
[White "Polasek,J"]
[Black "Korinek,O"]
[Result "1/2-1/2"]
[WhiteTitle "IM"]
[BlackTitle "FM"]
[WhiteElo "2314"]
[BlackElo "2322"]
[WhiteTeam "TJ Pankrac"]
[BlackTeam "TJ Slavia Hradec Kralove"]
[WhiteFideId "300411"]
[BlackFideId "319856"]
[EventDate "2012.10.28"]

1. e4 c5 2. Nf3 e6 3. c3 d5 4. e5 Bd7 5. d4 cxd4 6. cxd4 Qb6 7. Nc3 Nc6 8. a3
Nge7 9. Na4 Qc7 10. b4 Nc8 11. Bd3 Nb6 12. Nxb6 Qxb6 13. Be3 Be7 1/2-1/2

[Event "TCh-CZE Div1 Zapad 2012-13"]
[Site "Czech Republic CZE"]
[Date "2012.11.25"]
[Round "3.6"]
[White "Pesout,J"]
[Black "Kacirek,P"]
[Result "1/2-1/2"]
[BlackTitle "FM"]
[WhiteElo "2235"]
[BlackElo "2294"]
[WhiteTeam "TJ Pankrac"]
[BlackTeam "TJ Slavia Hradec Kralove"]
[WhiteFideId "306347"]
[BlackFideId "305340"]
[EventDate "2012.10.28"]

1. Nf3 Nf6 2. c4 e6 3. d4 b6 4. Nc3 Bb4 5. Bg5 O-O 6. e3 Bxc3+ 7. bxc3 d6 8. Be2
Nbd7 9. O-O Qe7 10. Nd2 Bb7 11. f3 h6 12. Bh4 e5 1/2-1/2

[Event "TCh-CZE Div1 Zapad 2012-13"]
[Site "Czech Republic CZE"]
[Date "2012.11.25"]
[Round "3.7"]
[White "Ringel,Z"]
[Black "Vokoun,J"]
[Result "1/2-1/2"]
[BlackTitle "FM"]
[WhiteElo "2266"]
[BlackElo "2208"]
[WhiteTeam "TJ Slavia Hradec Kralove"]
[BlackTeam "TJ Pankrac"]
[WhiteFideId "313521"]
[BlackFideId "301647"]
[EventDate "2012.10.28"]

1. d4 Nf6 2. Nf3 c5 3. e3 e6 4. c4 d5 5. Nc3 Nc6 6. a3 a6 7. dxc5 Bxc5 8. b4 Ba7
9. Bb2 O-O 10. Be2 d4 11. exd4 Nxd4 12. Nxd4 Bxd4 13. O-O e5 14. Qc2 Qc7 15.
Rac1 Re8 1/2-1/2

[Event "TCh-CZE Div1 Zapad 2012-13"]
[Site "Czech Republic CZE"]
[Date "2012.12.09"]
[Round "4.3"]
[White "Netusil,M"]
[Black "Dolezal,Ra1"]
[Result "1/2-1/2"]
[WhiteTitle "FM"]
[BlackTitle "IM"]
[WhiteElo "2323"]
[BlackElo "2359"]
[WhiteTeam "SK Sokol Vysehrad"]
[BlackTeam "TJ Pankrac"]
[WhiteFideId "301183"]
[BlackFideId "304735"]
[EventDate "2012.10.28"]

1. d4 Nf6 2. c4 e6 3. Nc3 d5 4. cxd5 exd5 5. Bg5 c6 6. e3 Be7 7. Qc2 Nbd7 8. Nf3
O-O 9. Bd3 Re8 10. O-O Nf8 11. Bf5 Ne4 12. Bxe7 Qxe7 13. Bxc8 Raxc8 14. Nxe4
Qxe4 15. Qd2 Ng6 16. Rac1 Rcd8 17. Qb4 Rd7 18. Rc3 h6 19. Qa4 a6 20. h3 Nh4 21.
Nxh4 Qxh4 22. Qc2 Re6 23. Qf5 Qe7 24. Kh1 Qd6 25. f4 Rde7 26. Rf3 Qd8 27. Rg3
Qe8 28. Kh2 Kh8 29. a3 Rxe3 30. Rcxe3 Rxe3 31. Rxe3 Qxe3 32. Qc8+ 1/2-1/2

[Event "TCh-CZE Div1 Zapad 2012-13"]
[Site "Czech Republic CZE"]
[Date "2012.12.09"]
[Round "4.4"]
[White "Gregor,Ji"]
[Black "Petran,Pe"]
[Result "0-1"]
[WhiteTitle "FM"]
[BlackTitle "IM"]
[WhiteElo "2261"]
[BlackElo "2277"]
[WhiteTeam "TJ Pankrac"]
[BlackTeam "SK Sokol Vysehrad"]
[WhiteFideId "304638"]
[BlackFideId "14900114"]
[EventDate "2012.10.28"]

1. d4 g6 2. c4 Bg7 3. Nc3 c5 4. Nf3 cxd4 5. Nxd4 Nc6 6. Nc2 Bxc3+ 7. bxc3 Qa5 8.
Ne3 d6 9. g3 Nf6 10. Bg2 O-O 11. O-O Be6 12. Qb3 Qc7 13. Nd5 Bxd5 14. cxd5 Na5
15. Qa4 Nc4 16. Rd1 a6 17. Rd4 b5 18. Qd1 Qa5 19. Bh6 Rfc8 20. Qb3 Nb6 21. Bd2
Rc4 22. Rd1 Rac8 23. e4 Qa4 24. h3 Nfd7 25. Bf1 Rxd4 26. cxd4 Qxd4 27. Qb1 Qa4
28. Be3 Qc2 29. Bd3 Qxb1 30. Bxb1 Na4 31. Kf1 Ndb6 32. Ke1 Kf8 33. h4 Ke8 34.
Bd4 Kd7 35. Bd3 Nc4 36. Rb1 Na3 37. Rd1 Nc2+ 38. Bxc2 Rxc2 39. Rd2 Rc4 40. Ke2
e5 41. dxe6+ fxe6 42. f3 Kc6 43. g4 e5 44. Be3 Nc3+ 45. Kd3 d5 46. exd5+ Nxd5
47. Bg5 h5 48. Rg2 Kd6 49. Bh6 Rc3+ 50. Kd2 Rxf3 51. gxh5 gxh5 0-1

[Event "TCh-CZE Div1 Zapad 2012-13"]
[Site "Czech Republic CZE"]
[Date "2012.12.09"]
[Round "4.6"]
[White "Vokoun,J"]
[Black "Tichy,Vl"]
[Result "1-0"]
[WhiteTitle "FM"]
[BlackTitle "IM"]
[WhiteElo "2208"]
[BlackElo "2237"]
[WhiteTeam "TJ Pankrac"]
[BlackTeam "SK Sokol Vysehrad"]
[WhiteFideId "301647"]
[BlackFideId "300438"]
[EventDate "2012.10.28"]

1. e4 e5 2. Bb5 Nf6 3. d3 a6 4. Ba4 b5 5. Bb3 Nc6 6. Nf3 Be7 7. Nc3 d6 8. h3 Na5
9. O-O O-O 10. Nh2 Nxb3 11. axb3 b4 12. Ne2 d5 13. Ng3 dxe4 14. dxe4 Qxd1 15.
Rxd1 Bb7 16. f3 h6 17. Be3 Rfd8 18. Rxd8+ Rxd8 19. Nhf1 Ne8 20. Nd2 Nd6 21. Kf1
Bc6 22. c4 bxc3 23. bxc3 Bb7 24. c4 f6 25. Ke1 Kf7 26. Ne2 Ke6 27. Nc3 Ne8 28.
Ke2 h5 29. Na4 g6 30. g4 f5 31. gxf5+ gxf5 32. Rg1 f4 33. Nc5+ Bxc5 34. Bxc5 Kf6
35. Bf2 Rd6 36. Bh4+ Kf7 37. Rg5 Bc8 38. Rxe5 Bxh3 39. Rxh5 Ng7 40. Rh8 Ne6 41.
Bf2 Ng5 42. Bc5 Rc6 43. Ba3 Rf6 44. Bb2 Rd6 45. Be5 Rxd2+ 46. Kxd2 Nxf3+ 47. Ke2
Nxe5 48. Rxh3 Kg6 49. Rh8 Kg5 50. Rc8 Kg4 51. Rxc7 1-0

[Event "TCh-CZE Div1 Zapad 2012-13"]
[Site "Czech Republic CZE"]
[Date "2012.12.09"]
[Round "4.7"]
[White "Boukal,P"]
[Black "Reznicek,T"]
[Result "1/2-1/2"]
[BlackTitle "FM"]
[WhiteElo "2221"]
[BlackElo "2253"]
[WhiteTeam "SK Sokol Vysehrad"]
[BlackTeam "TJ Pankrac"]
[WhiteFideId "301906"]
[BlackFideId "307130"]
[EventDate "2012.10.28"]

1. e4 e5 2. Nf3 Nc6 3. Bb5 a6 4. Ba4 Nf6 5. d3 d6 6. c3 Be7 7. O-O O-O 8. Re1 b5
9. Bc2 Nb8 10. a4 Bb7 11. Nbd2 Nbd7 12. Nf1 Re8 13. Ng3 Bf8 14. Bg5 c6 15. d4 g6
16. Qd2 Bg7 17. Bh6 Bh8 18. Nf5 Nb6 19. dxe5 Nc4 20. Qg5 Nxe5 21. Nxe5 dxe5 22.
Rad1 Qc7 23. Rd6 Re6 24. Rxe6 fxe6 25. Ng3 Rd8 26. h3 c5 27. Qe3 Bg7 28. Bg5 Rd7
29. axb5 axb5 30. Ra1 Qc8 31. Ra5 Qc6 32. Qe2 Ba6 33. Qe1 Ne8 34. Qa1 Bb7 35. c4
Nd6 36. cxb5 Qb6 37. Qa4 Kf7 38. Be3 Nc4 39. Qxc4 Qxa5 1/2-1/2